00470nam a2200205Ia 4500008004100000020001800041041001200059082000800071082001100079100001600090100001600106100001100122245002800133260001400161260002700175260000900202300001500211365002500226650001300251150901s9999 xx 000 0 und d a9788180521768 aEnglish a581 bPAN/TA aMisra S.P  aPandey S.N  eAuthor aTaxonomy of angiosperms aNew delhi bAne books Pvt. ltd.  c2009 a590 Pages aRs.290/-  aTaxonomy